| 000 | 00000nam 2200000za 4500 |
| 001 | 9.848518 |
| 003 | CaOODSP |
| 005 | 20221107153710 |
| 007 | cr ||||||||||| |
| 008 | 171208s1984 onc #o f000 0 eng d |
| 040 | |aCaOODSP|beng |
| 043 | |an-cn--- |
| 086 | 1 |aY9-28/1984E-PDF |
| 110 | 1 |aCanada.|bParliament.|bSenate.|bStanding Committee on Agriculture, Fisheries and Forestry. |
| 245 | 10|aSoil at risk |h[electronic resource] : |bCanada's eroding future : |c[Standing Committee on Agriculture, Fisheries, and Forestry to the Senate of Canada ; H.O. Sparrow, chairman]. |
| 260 | |a[Ottawa : |bThe Committee, |c1984] |
| 300 | |a[93] p. |
| 504 | |aIncludes bibliographic references. |
| 520 | |a"Canada is facing the most serious agricultural crisis in its history and unless action is taken quickly, this country will lose a major portion of its agricultural capability. The Standing Senate Committee on Agriculture, Fisheries and Forestry has travelled extensively in Canada examining the issue of "soil degradation", a problem which is already costing Canadian farmers more than $1 billion per year in farm income. It has determined that we are clearly in danger of squandering the very soil resource on which our agricultural industry depends. |
| 692 | 07|2gccst|aSoil |
| 692 | 07|2gccst|aErosion |
| 700 | 1 |aSparrow, Herbert O.|d1930- |
| 856 | 40|qPDF|s235 KB|uhttps://publications.gc.ca/collections/collection_2017/sen/Y9-28-1984-eng.pdf |